000 01377cam a2200325 a 4500
001 17112
003 Mx-PuUPA
005 20240410103507.0
008 140415s2020 mx ad gr 000 0 spa d
020 _a9786071738660
040 _cMx-PuUPA
_aMx-PuUPA
_dMx-PuUPA
_erda
_bspa
041 1 _aspa
_heng
100 1 _913815
_aNottingham, James,
_eautor
240 1 0 _aChallenging learning, theory, effective practice and lesson ideas to create optimal learning in the classroom.
_lEspañol
245 1 0 _aAprendizaje basado en desafíos /
_cJames Nottingham
246 1 2 _aAprendizaje basado en desafíos :
_bla curva de aprendizaje; ambientes propicios de aprendizaje; modelos de lecciones.
250 _aPrimera edición /
_benero
264 1 _aMéxico, D.F. :
_bEditorial Trillas,
_c©2020
300 _a238 páginas :
_bilustraciones, diagramas, tablas ;
_c23 cm
336 _2rdacontent
_atexto
_btxt
337 _2rdamedia
_asin medio
_bn
338 _2rdacarrier
_avolumen
_bnc
650 7 _2armarc
_aEducación
_xPlanificación
650 7 _2armarc
_aPsicopedagogía
650 7 _2armarc
_aEnseñanza
765 0 8 _aNottingham, James,
_b2nd edition
_tChallenging learning, theory, effective practice and lesson ideas to create optimal learning in the classroom.
942 _2ddc
_cLI
_h371.3028
_iN895
999 _c17112
_d17112